000 00406nam a2200169Ia 4500
008 230711s9999||||xx |||||||||||||| ||und||
020 _a978-0-470-13148-0
041 _aENG
082 _a539.77
_bKN-R
100 _aKnoll, Glenn F
245 0 _aRediation detection and measurment
250 _a4th Ed.
260 _c2010
_aNew Delhi
_bWiley & Sons
300 _a830p.
650 _aPhysics
942 _cBK
999 _c5787
_d5787